Systems Management

Gespeichert in:
Bibliographische Detailangaben
1. Verfasser: Baumgartner, J. Stanley
Format: Buch
Sprache:Englisch
Veröffentlicht: Washington The Bureau of National Affairs 1991
Ausgabe:1. ed.
Schlagworte:
Tags: Tag hinzufügen
Keine Tags, Fügen Sie das erste Tag hinzu!

MARC

LEADER 00000nam a2200000 4500
001 c018878
005 20221206114953.7
020 |a 0-87179-297-4 
041 0 |a eng 
044 |a US 
245 1 0 |a Systems Management  |c J. Stanley Baumgartner 
250 |a 1. ed. 
264 1 |a Washington  |b The Bureau of National Affairs  |c 1991 
300 |a 507 s. 
610 2 0 |a riadenie systémové 
610 2 0 |a riadenie projektové 
610 2 0 |a priemysel 
610 2 0 |a sily ozbrojené 
100 1 |a Baumgartner, J. Stanley